Statistics for Столицы Европы

Click here to take the quiz!

General Stats

  • This quiz has been taken 13 867 times
    (13 848 since last reset)
  • The average score is 30 of 45

Answer Stats

СтраныСтолицы% Correct
РоссияМосква
95%
УкраинаКиев
93%
ФранцияПариж
91%
БелоруссияМинск
90%
ИталияРим
90%
ИспанияМадрид
90%
ГерманияБерлин
89%
ВеликобританияЛондон
87%
ПольшаВаршава
84%
ЧехияПрага
84%
ВатиканВатикан
80%
ЛюксембургЛюксембург
80%
ГрецияАфины
79%
НорвегияОсло
76%
МонакоМонако
74%
АвстрияВена
73%
БолгарияСофия
72%
ЛатвияРига
71%
ПортугалияЛиссабон
70%
НидерландыАмстердам
70%
ФинляндияХельсинки
70%
Сан-МариноСан Марино
70%
ШвецияСтокгольм
67%
ДанияКопенгаген
67%
ШвейцарияБерн
67%
БельгияБрюссель
66%
ВенгрияБудапешт
66%
ЛитваВильнюс
64%
ЭстонияТаллин
64%
МолдавияКишинев
61%
ИрландияДублин
60%
РумынияБухарест
60%
СербияБелград
59%
СловакияБратислава
56%
ИсландияРейкьявик
53%
ХорватияЗагреб
50%
Босния и ГерцеговинаСараево
48%
СловенияЛюбляна
44%
ЧерногорияПодгорица
43%
АлбанияТирана
41%
МакедонияСкопье
40%
ЛихтенштейнВадуц
38%
АндорраАндорра ла Велья
36%
КосовоПриштина
32%
МальтаВаллетта
28%

Score Distribution

Percentile by Number Answered

Percent of People with Each Score

Your Score History

You have not taken this quiz since the last reset